00544nam a2200181 a 45000010010000000030011000100080041000210350026000620820014000881000023001022450044001252600032001696500024002019420012002259520090002379980020003279990015003470000-8940ELIB.Books110520 1970  a(ELIB.Books)0000-9088 a268 bLee aLee, James Michael aToward a future for religious Education bDayton: Pflaum Press c1970 aChristian Education 2ddccBK 00102ddc4070aKBTSbKBTSd2011-05-20l0p4487r2022-01-22 00:00:00w2022-01-22yBK cbate2011-05-20 c8940d8940